00401nam a2200169Ia 4500003000400000008004100004040001600045082001300061100002200074245003900096260002700135300000800162650001500170650001300185650001000198650002300208GCL140319s9999 xx 000 0 eng d aGCL / cGCL04a823bA L1 aALCOTT, LOUISA M.10aLITTLE WOMEN / cALCOTT, LOUISA M. a[S.N] : bPRIORY BOOKS a20004aLITERATURE04aCHILDREN04aTALES04aCHILDREN - STORIES